000 00664nam a2200217Ia 4500
003 GCL
008 140319s9999 xx 000 0 ara d
020 _a1747209960
040 _aGCL /
_cGCL
082 0 4 _a213
_bم ر
100 1 _aمراد هوفمان
245 1 0 _aرحلة الى مكة /
_cمراد هوفمان
250 _aالثانية
260 _aالرياض :
_bمكتبة العبيكان ،
_c2002
300 _a229 ص ؛
_c30 سم
650 0 4 _aالاسلام - المانيا
650 0 4 _aالفلسفة الاسلامية
650 0 4 _aالاخلاق الاسلامية
650 0 4 _aالمرأة المسلمة
942 _2ddc
_cBK
999 _c32856
_d32856